Statistics for Movies of 2012

Click here to take the quiz!

General Stats

  • This quiz has been taken 9 times
  • The average score is 10 of 40

Answer Stats

StarMovie% Correct
Robert Downey Jr.The Avengers
86%
Jennifer LawrenceThe Hunger Games
86%
Andrew GarfieldThe Amazing Spider-Man
71%
Anne HathawayLes Misérables
57%
Daniel CraigSkyfall
57%
Christian BaleThe Dark Knight Rises
57%
Ian McKellenThe Hobbit: An Unexpected Journey
57%
Ray RomanoIce Age: Continental Drift
43%
Daniel Day-LewisLincoln
43%
Anna KendrickPitch Perfect
43%
Jennifer LawrenceSilver Linings Playbook
43%
Kristen StewartThe Twilight Saga: Breaking Dawn - Part 2
43%
Suraj SharmaLife of Pi
29%
Channing TatumMagic Mike
29%
Will SmithMen in Black 3
29%
Liam NeesonTaken 2
29%
Mark WahlbergTed
29%
Jonah Hill21 Jump Street
14%
Ben AffleckArgo
14%
Kelly MacdonaldBrave
14%
Jamie FoxxDjango Unchained
14%
Tom CruiseJack Reacher
14%
Ben StillerMadagascar 3: Europe's Most Wanted
14%
Noomi RapacePrometheus
14%
Jeremy RennerThe Bourne Legacy
14%
Colin FarrellTotal Recall
14%
Sam WorthingtonWrath of the Titans
14%
Zachary GordonDiary of a Wimpy Kid: Dog Days
0%
Adam SandlerHotel Transylvania
0%
Taylor KitschJohn Carter
0%
Dwayne JohnsonJourney 2: The Mysterious Island
0%
Milla JovovichResident Evil: Retribution
0%
Chris PineRise of the Guardians
0%
Kristen StewartSnow White and the Huntsman
0%
Ewan McGregorThe Impossible
0%
Danny DeVitoThe Lorax
0%
Rachel McAdamsThe Vow
0%
Daniel RadcliffeThe Woman in Black
0%
Jennifer AnistonWe're the Millers
0%
John C. ReillyWreck-It Ralph
0%

Score Distribution

Percentile by Number Answered

Percent of People with Each Score

Your Score History

You have not taken this quiz